Experiencias en grupos /
Guardado en:
| Autor Principal: | |
|---|---|
| Formato: | Libro |
| Publicado: |
Buenos Aires :
Paidós,
2001
|
| Materias: | |
| Etiquetas: |
Agregar Etiqueta
Sin Etiquetas, Sea el primero en etiquetar este registro!
|
| LEADER | 00541nam a22001935a 4500 | ||
|---|---|---|---|
| 001 | CEM.cems012780 | ||
| 005 | 20080620105230.0 | ||
| 008 | 130507s2001##################000#0#####d | ||
| 003 | CEMS | ||
| 020 | |a 9501232042 | ||
| 082 | 0 | 4 | |a 301.158 |
| 100 | 1 | |a Bion, W. R. | |
| 245 | 1 | 0 | |a Experiencias en grupos / |c W. R. Bion |
| 260 | |a Buenos Aires : |b Paidós, |c 2001 | ||
| 300 | |a 156 p. | ||
| 505 | 0 | |a Experiencias en grupo -- Dinámica de grupo | |
| 653 | |a Educación | ||
| 653 | |a Grupos | ||
| 859 | |a CEMS |b BIB. CEMS - 11 de abril |h 301.158 |i B253 |p 25051.08 |t Ej.1 | ||
